World commodity survey 2000-2001 : Markets, trends and the world economic environment. (Record no. 42037)

MARC details
000 -LEADER
fixed length control field 00372nam a2200121Ia 4500
020 ## - INTERNATIONAL STANDARD BOOK NUMBER
ISBN 9211010306
082 ## - DEWEY DECIMAL CLASSIFICATION NUMBER
Classification number 339.1722000-01
Item number WOR
245 #0 - TITLE STATEMENT
Title World commodity survey 2000-2001 : Markets, trends and the world economic environment.
260 ## - PUBLICATION, DISTRIBUTION, ETC. (IMPRINT)
Place of publication Geneva
Name of publisher United Nations
Year of publication 2001
700 ## - ADDED ENTRY--PERSONAL NAME
Personal name Chalmin, Philippe
942 ## - ADDED ENTRY ELEMENTS (KOHA)
Koha item type Books
Holdings
Withdrawn status Lost status Damaged status Not for loan Home library Current library Date acquired Full call number Accession Number Koha item type
        RRII Library RRII Library 16/12/2021 339.1722000-01 WOR 22316 Books